000 00653nam a2200205Ia 4500
003 GCL
008 140319s9999 xx 000 0 ara d
020 _a6015977
040 _aGCL /
_cGCL
082 0 4 _a630.21
_bس م
100 1 _aسمير محمد يونس
245 1 0 _aالمساحة الزراعية /
_cسمير محمد يونس
700 1 _aمحمد عبدالمحسن شيبون
260 _aالقاهرة :
_bمكتبة بستان المعرفة ،
_c2003
300 _a265 ص ؛
_c24 سم
650 0 4 _aالاراضى الزراعية
650 0 4 _aمقياس الرسم
650 0 4 _aالاراضى - تقسيم
942 _2ddc
_cBK
999 _c6287
_d6287